The study on breastfeed sow raising in sandek commune batheay district, kampong cham province, ការសិក្សាពីការចិញ្ចឹមមេជ្រូក នៅក្នុងស្រុកបាធាយ ខេត្តកំពង់ចាម. (Record no. 2352)
[ view plain ]
| 000 -LEADER | |
|---|---|
| fixed length control field | 00633nam a22001577a 4500 |
| 003 - CONTROL NUMBER IDENTIFIER | |
| control field | OSt |
| 005 - DATE AND TIME OF LATEST TRANSACTION | |
| control field | 20151020133208.0 |
| 008 - FIXED-LENGTH DATA ELEMENTS--GENERAL INFORMATION | |
| fixed length control field | 151020b xxu||||| |||| 00| 0 eng d |
| 040 ## - CATALOGING SOURCE | |
| Transcribing agency | RUA |
| 082 ## - DEWEY DECIMAL CLASSIFICATION NUMBER | |
| Classification number | AVM 2010 B091 Or.1 |
| 100 ## - MAIN ENTRY--PERSONAL NAME | |
| 9 (RLIN) | 2500 |
| Numeration | VAN, VICHET. |
| 245 ## - TITLE STATEMENT | |
| Title | The study on breastfeed sow raising in sandek commune batheay district, kampong cham province, ការសិក្សាពីការចិញ្ចឹមមេជ្រូក នៅក្នុងស្រុកបាធាយ ខេត្តកំពង់ចាម. |
| 260 ## - PUBLICATION, DISTRIBUTION, ETC. (IMPRINT) | |
| Place of publication, distribution, etc. | phnom phen |
| Name of publisher, distributor, etc. | RUA |
| Date of publication, distribution, etc. | 2010 |
| 300 ## - PHYSICAL DESCRIPTION | |
| Extent | VIII,52p. |
| Other physical details | ill. |
| Dimensions | 29cm. |
| 942 ## - ADDED ENTRY ELEMENTS (KOHA) | |
| Source of classification or shelving scheme | |
| Koha item type | AVM |
| Price effective from | Date last seen | Permanent Location | Not for loan | Date acquired | Source of classification or shelving scheme | Koha item type | Lost status | Withdrawn status | Date last checked out | Total Checkouts | Shelving location | Damaged status | Barcode | Current Location | Full call number |
|---|---|---|---|---|---|---|---|---|---|---|---|---|---|---|---|
| 2015-10-20 | 2015-10-20 | Library Block B | 2015-10-20 | AVM | B091 | RUA015813 | Library Block B | AVM VAN 2010 B091 Or.1 | |||||||
| 2015-10-20 | 2015-10-20 | Library Block B | 2015-10-20 | AVM | B091 | RUA016455 | Library Block B | AVM VAN 2010 B091 Or.2 | |||||||
| 2015-10-20 | 2015-10-20 | Library Block B | 2015-10-20 | AVM | B091 | RUA016311 | Library Block B | AVM VAN 2010 B091 Or.3 | |||||||
| 2015-10-21 | 2016-08-05 | Library Block B | 2015-10-21 | AVM | 2016-07-01 | 1 | RUA019368 | Library Block B | AVM VAN 2010 B091 Or.4 | ||||||
| 2015-10-21 | 2015-10-21 | Library Block B | 2015-10-21 | AVM | RUA019295 | Library Block B | AVM VAN 2010 B091 Or.5 | ||||||||
| 2015-10-21 | 2015-10-21 | Library Block B | 2015-10-21 | AVM | RUA027269 | Library Block B | AVM VAN 2010 B091 Or.6 |